| 000 | 00649nam a2200229Ia 4500 | ||
|---|---|---|---|
| 001 | 9578 | ||
| 003 | GE_BSU | ||
| 008 | 181216s||||||||xx |||||||||||||| ||und|| | ||
| 020 | _a9785991617901 | ||
| 040 | _cGE_BSU | ||
| 080 | _a54 | ||
| 100 | _aРосин,И.В. Томина,Л.Д. | ||
| 245 | _aОбщая и неорганическая химия.Современный курс | ||
| 245 | _bУч-к для бакалавров | ||
| 260 | _aМосква | ||
| 260 | _bЮрайт | ||
| 260 | _c2012 | ||
| 300 | _a1338стр.21см. | ||
| 541 | _h132л. | ||
| 653 | _aОбщая и неорганическая химия. | ||
| 942 | _cBK | ||
| 999 |
_c42870 _d42870 |
||